[Event "EU-chT (Men) 20th"]
[Site "Reykjavik"]
[Date "2015.11.19"]
[Round "6.1"]
[White "Adams, Michael"]
[Black "Grandelius, Nils"]
[Result "1/2-1/2"]
[WhiteElo "2744"]
[BlackElo "2644"]
[Annotator "Ftacnik,L"]
[PlyCount "83"]
[EventDate "2015.11.13"]
[EventType "team-swiss"]
[EventRounds "9"]
[EventCountry "ISL"]
[SourceTitle "CBM 170"]
[Source "ChessBase"]
[SourceDate "2016.01.15"]
[SourceVersion "1"]
[SourceVersionDate "2016.01.15"]
[SourceQuality "1"]
[WhiteTeam "England"]
[BlackTeam "Sweden"]
[WhiteTeamCountry "ENG"]
[BlackTeamCountry "SWE"]

1. e4 c5 2. Nf3 Nf6 3. Nc3 d5 4. Bb5+ {Adams chooses a logical move in an
attempt to get some advantage out of the opening. The other major option is a
pawn exchange on the square d5 followed by check on b5.} (4. exd5 Nxd5 5. Bc4 (
5. Bb5+ Bd7 (5... Nc6 6. Ne5 Nxc3 (6... Qd6 7. d4 cxd4 8. Qxd4 Ndb4 9. Qxd6
exd6 10. Nxc6 bxc6 11. Ba4 Bd7 (11... Bb7 12. Be3 Be7 13. a3 Na6 14. Nd5 Bd8
15. Nb4 Nxb4 16. axb4 Bb6 17. Ra3 O-O 18. Kd2 Bxe3+ 19. Rxe3 a5 $11 {1/2 (52)
Luther,T (2525)-Gisbrecht,E (2400) Gladenbach 1997}) 12. Bf4 d5 13. O-O-O O-O-O
14. Rhe1 Na6 15. Bb3 Bb4 16. a3 Bc5 17. Bg3 Rhe8 18. Na4 Bf8 19. Rxe8 Bxe8 $11
{1-0 (38) Fernandez Garcia,J (2490)-Leon Varela,L Las Palmas 1996}) 7. dxc3 (7.
Bxc6+ bxc6 8. dxc3 Qxd1+ 9. Kxd1 f6 10. Nc4 e5 11. b3 Be6 12. Ke2 Bxc4+ 13.
bxc4 Rb8 14. Rd1 Ke7 15. f4 Ke6 16. g4 g6 17. Be3 h5 18. f5+ gxf5 19. gxf5+
Kxf5 $17 {1-0 (48) Kotronias,V (2550)-Welin,T (2390) Stockholm 1988}) 7...
Qxd1+ 8. Kxd1 a6 9. Bxc6+ bxc6 10. c4 Bf5 11. Be3 g5 12. Bxc5 Rd8+ 13. Kc1 f6
14. Nd3 Be4 15. f3 Bxd3 16. cxd3 Rxd3 17. Kc2 Rd7 18. Rad1 e5 19. Bb6 $11 {
1/2 (37) Guseinov,G (2610)-Rasulov,V (2491) Baku 2015}) 6. Ne5 e6 (6... Bxb5 7.
Qf3 f6 8. Nxb5 Na6 9. Qh5+ g6 10. Nxg6 hxg6 11. Qxh8 Qd7 12. Nc3 Qe6+ 13. Kf1
Nab4 14. Qh4 Qa6+ 15. Kg1 O-O-O 16. Qg4+ f5 17. Qd1 Bg7 18. d3 $2 (18. Nxd5 $1
Rxd5 19. d3 $16) 18... Nxc3 19. bxc3 Bxc3 20. Rb1 Qxa2 $15 {1-0 (41) Parligras,
M (2587)-Westerberg,J (2496) Reykjavik 2015}) 7. Qh5 (7. Nxd7 Nxd7 8. Nxd5 exd5
9. O-O a6 10. Be2 Be7 11. d4 O-O 12. Bf3 Nb6 13. dxc5 Bxc5 14. c3 Qf6 15. Qd2
Rad8 16. Qg5 Qc6 17. Bf4 h6 18. Qf5 Bd6 19. Rad1 Bxf4 20. Qxf4 $14 {1/2 (39)
Kovchan,A (2583)-Rakhmanov,A (2640) Al Ain 2015}) 7... g6 8. Qf3 Qf6 9. Nxd7
Nxd7 10. Qe4 Qf4 11. Qxf4 Nxf4 12. O-O a6 13. Bxd7+ Kxd7 14. d4 Nd5 15. Nxd5
exd5 16. dxc5 Bxc5 $11 {1/2 (28) Ponkratov,P (2604)-Rakhmanov,A (2640) Minsk
2015}) (5. g3 Nxc3 6. bxc3 g6 7. Bg2 Bg7 8. O-O O-O 9. Rb1 Qa5 10. a3 Nc6 11.
c4 Rd8 12. d3 Qc7 13. Bf4 e5 14. Bg5 Re8 15. Re1 h6 16. Be3 b6 17. Nd2 Bb7 18.
Ne4 Rab8 19. Nc3 Ne7 20. Bd2 Bxg2 21. Kxg2 $11 {1-0 (52) Grigoriants,S (2603)
-Rakhmanov,A (2637) Berlin 2015}) (5. Nxd5 Qxd5 6. b3 Nc6 7. Bb2 Nd4 8. Bxd4
cxd4 9. Bc4 Qe4+ 10. Kf1 e6 11. Bd3 Qd5 12. Qe2 Bc5 13. h4 O-O 14. Re1 h6 15.
h5 Rd8 16. Bc4 Qf5 17. Bd3 Qd5 18. Be4 Qd6 19. Rh4 Bd7 20. Ne5 $11 {1-0 (46)
Caruana,F (2796)-Inants,A (2332) Las Vegas 2015}) 5... Nb6 6. Bb5+ Bd7 7. Qe2
Nc6 8. O-O Nd4 9. Nxd4 cxd4 10. Ne4 Bxb5 11. Qxb5+ Qd7 12. Qe5 Qd5 13. Qxd5
Nxd5 14. Re1 Nb4 15. Nd6+ Kd7 16. Nxf7 Nxc2 17. Nxh8 Nxe1 18. Kf1 Nd3 19. Ke2
Nxc1+ 20. Rxc1 Ke8 $17 {0-1 (45) Babanin,A-Rakhmanov,A (2640) Minsk 2015}) 4...
Bd7 5. e5 Bxb5 $1 {Grandelius has certainly prepared well for the opening
battle in the less usual variation. Black must be very careful in order to
avoid falling into difficulties after alternative moves.} (5... Ne4 6. e6 fxe6
(6... Bxb5 7. exf7+ Kxf7 8. Nxb5 Nc6 9. O-O h6 10. d3 Nf6 11. Bf4 a6 12. Nc3 e6
13. Ne5+ Nxe5 14. Bxe5 Bd6 15. f4 Rf8 16. Qf3 Kg8 17. Rae1 Bxe5 18. Rxe5 Qb6
19. Nd1 Nd7 20. Re2 $11 {1-0 (56) Berelowitsch,A (2587)-Afek,Y (2350) Haarlem
2007}) 7. Bxd7+ Nxd7 8. Nxe4 (8. O-O $5 $14) 8... dxe4 9. Ng5 Nf6 10. c3 Qd7
11. Qb3 Rc8 12. Qxe6 Qxe6 13. Nxe6 Kf7 14. Nf4 e6 15. O-O Bd6 16. Ne2 Rhf8 17.
b3 Be5 18. f4 exf3 19. Rxf3 Ke7 20. Ba3 Ng4 21. Rxf8 Kxf8 22. h3 Nf6 23. d4 Bd6
$11 {1/2 (61) Amonatov,F (2483)-Arbakov,V (2445) Tula 2002}) (5... d4 6. exf6
dxc3 7. Qe2 (7. fxg7 cxd2+ 8. Qxd2 Bxg7 9. Bd3 (9. Qg5 Bf6 10. Bxd7+ Nxd7 11.
Qh5 Qa5+ 12. Nd2 Qa6 13. Ne4 O-O-O 14. Qe2 Qe6 15. Nxf6 Qxe2+ 16. Kxe2 Nxf6 17.
Be3 b6 18. Rad1 Rxd1 19. Rxd1 Rd8 20. Rxd8+ Kxd8 $11 {1/2 (77) Fischer,R-Pomar
Salamanca,A Stockholm 1962}) 9... Bc6 (9... Qc7 10. O-O c4 11. Be4 Nc6 12. Qe2
c3 13. bxc3 Bxc3 14. Rb1 O-O-O 15. Qc4 f5 16. Qxc3 fxe4 17. Ng5 Rhg8 18. Nxe4
Nd4 19. Qxc7+ Kxc7 20. Ng3 Bc6 21. Re1 Nxc2 22. Rxe7+ Rd7 23. Bf4+ $16 {
1-0 (29) Fischer,R-Sherwin,J New York 1962}) 10. c3 Nd7 11. Qe2 Qc7 12. Be4
O-O-O 13. Bg5 Bf6 14. Bxc6 Qxc6 15. O-O-O Bxg5+ 16. Nxg5 Qf6 17. Qe3 Rhg8 18.
Rd5 Nb6 19. Rxd8+ Rxd8 20. Ne4 Qe6 21. Qxc5+ Kb8 22. Nd2 $11 {1-0 (39) Landa,K
(2641)-Kunin,V (2516) Bad Wiessee 2012}) 7... cxd2+ 8. Bxd2 gxf6 9. O-O-O Qb6
10. Bc4 Nc6 11. Rhe1 (11. Bc3 O-O-O 12. Bxf7 e5 13. Qc4 Kb8 14. Be6 Nd4 15.
Bxd7 Rxd7 16. Bd2 Qc6 17. Nxd4 cxd4 18. Qxc6 bxc6 19. Rhe1 Bd6 {1/2 (19) Brkic,
A (2573)-Stevic,H (2599) Bihac 2010}) 11... O-O-O 12. Bxf7 e5 13. c3 Kb8 14.
Nh4 Bc8 15. Qh5 c4 16. Be3 Bc5 17. Rxd8 Rxd8 18. Qxh7 Bxe3+ 19. fxe3 Qc7 20.
Bg6 Qxh7 {0-1 (20) Motylev,A (2645)-Nisipeanu,L (2668) Predeal 2007}) 6. Nxb5
Nfd7 {Historic games warn against the untimely ambition to push the knight on
b5 away from the active square.} (6... a6 7. Nc3 d4 8. Na4 Nfd7 9. e6 fxe6 10.
Ng5 Qc7 (10... b5 $2 11. Qf3 $18) 11. O-O (11. Qe2 Qc6 12. Qxe6 Qxe6+ 13. Nxe6
Kf7 14. Naxc5 Nxc5 15. Nxc5 Nc6 16. Ne4 Nb4 17. Kd1 h6 18. a3 Nd5 19. d3 g6 20.
Bd2 Bg7 21. Ke2 Rac8 22. Rac1 $16 {1-0 (54) Bogoljubow,E-Mikenas,V Prague 1931}
) 11... Qc6 12. b3 e5 13. d3 Nf6 14. f4 h6 15. Nf3 e4 16. Ne5 Qc7 17. dxe4 Nbd7
18. Ng6 Rg8 19. e5 Nd5 20. c4 Nb4 21. e6 $18 {1-0 (26) Bronstein,D-Saadi,J Mar
del Plata 1960}) 7. e6 $5 {For better or worse White is obliged to play this
move disturbing Black's development. Without the light-squared bishop
Grandelius would otherwise be enjoying pleasant prospects.} fxe6 8. O-O (8. Ng5
Qb6 9. Qe2 e5 10. c4 d4 11. Qf3 Nf6 12. Qf5 Nbd7 13. Qe6 Qxe6 14. Nc7+ Kd8 15.
Ngxe6+ Kc8 16. Nxa8 Ne8 17. d3 Kb8 18. O-O Kxa8 19. Bg5 h6 20. Bh4 g5 21. Bg3
$16 {1-0 (67) Aagaard,J (2531)-Landa,K (2615) Helsingor 2008}) (8. Qe2 a6 9.
Nc3 Nc6 10. Qxe6 Nf6 11. Ng5 Qd6 12. Qxd6 exd6 13. Ne2 h6 14. Nf3 O-O-O 15. O-O
Nb4 16. c3 Nd3 17. Ne1 Nxe1 18. Rxe1 Re8 19. d4 $11 {1/2 (43) Bellon Lopez,
J-Cordovil,J Malaga 1970}) 8... Qb6 {[%mdl 4] The Swedish player gives the
vote to the queen move, since the alternative expansion with the central pawn
seem to be more risky.} (8... e5 9. Ng5 Qb6 10. c4 Na6 $2 (10... dxc4 $1 11.
Qa4 (11. Qf3 Nf6 12. Na3 Nc6 13. Nxc4 Nd4 $11) 11... Nc6 12. Qxc4 Nd8 $11) 11.
d3 g6 12. Nc3 d4 13. Nd5 Qc6 14. Qf3 Nf6 15. Re1 O-O-O 16. Nf7 {1-0 (16)
Jakovenko,D (2667)-Llobel Cortell,E (2390) San Sebastian 2006}) 9. c4 Nc6 (9...
a6 10. Nc3 d4 11. Ne4 g6 12. d3 $14) 10. d3 {The British player is one of the
best positional experts in the world so it is a bit difficult to question his
opening choice. Many players would be attracted to the much more active move
10.Re1, which should pose more complicated problems for Black.} (10. Re1 $5
dxc4 11. Na3 Qa6 12. b3 g6 13. Bb2 e5 $11) 10... d4 11. Ng5 (11. Re1 e5 12. Ng5
a6 13. Qf3 Nd8 14. Na3 g6 $11) 11... a6 12. Na3 (12. Qa4 e5 13. f4 g6 $17)
12... e5 13. Nb1 {The knight is making its way towards the best square, e4,
but the trip is proving to be way too slow. Black will not find it too
difficult to develop his bishop and put the opening problems behind him.} (13.
Qf3 Nd8 14. Nc2 g6 15. Rb1 Bg7 16. b4 Qc6 $11) 13... g6 14. Nd2 Bh6 15. Nde4
Nf6 16. Qf3 Bxg5 $1 {In some positions knights are more dangerous than bishops
and Grandelius is executing the right exchange of minor pieces.} (16... Nxe4 $6
17. Qf7+ Kd7 18. Nxe4 Bxc1 19. Qd5+ Kc7 20. Raxc1 $14) 17. Bxg5 (17. Nxg5 h6
18. Ne4 Nxe4 19. Qxe4 g5 20. Bd2 $11) 17... Nxe4 18. Qxe4 Qc7 19. f4 Rf8 {
Black is understandably careful about treating this position in a way which
does not open too many files and diagonals for enemy pieces.} (19... O-O 20.
Rae1 Kg7 21. fxe5 Rxf1+ 22. Rxf1 Qxe5 23. Qh4 Kg8 24. Bh6 Qe2 25. Qg3 Rc8 $11)
20. fxe5 (20. Rae1 O-O-O 21. fxe5 Rxf1+ 22. Rxf1 Re8 (22... Qxe5 23. Qxe5 Nxe5
24. Bxe7 Re8 25. Bxc5 Nxd3 26. Bxd4 Re2 27. b3 $14) 23. Bf4 e6 $11) 20... Rxf1+
21. Rxf1 Qxe5 22. Qh4 h5 23. Re1 Qd6 24. Qe4 Kd7 $1 (24... O-O-O 25. Bxe7 Nxe7
26. Qxe7 Qxe7 27. Rxe7 Rd6 $11) 25. Bf4 {The transition to an equal rook
endgame is hard to criticise as Adams has no interest in looking for
compensation without the pawn.} e5 26. Bxe5 Qxe5 27. Qxc6+ Kxc6 28. Rxe5 Kd6
29. Rd5+ Kc6 30. Rg5 Rg8 31. h4 b6 {The defender is a bit passive, but White
will struggle to get anywhere against the plan of transfering the king to f6.}
32. Kh2 (32. g4 hxg4 33. h5 Kd7 34. Kg2 Ke6 $11) (32. a3 a5 33. Kh2 Kd6 34. b4
axb4 35. axb4 cxb4 36. Rb5 Kc7 37. Rxb4 Re8 $11) 32... Kd6 33. g4 (33. Rd5+ Ke6
$11) 33... hxg4 34. Kg3 (34. h5 Ke6 35. Kg3 Kf7 36. hxg6+ Rxg6 37. Rxg6 Kxg6
38. Kxg4 a5 39. a4 Kf6 40. Kf4 Ke6 41. Ke4 Kd6 42. Kf5 Kd7 $11) 34... Ke6 35.
a4 a5 36. Kxg4 Kf6 {The chances are shared now and White will have to admit
equality very soon.} 37. Rd5 Re8 38. Kf4 Re3 39. Rd6+ Re6 (39... Ke7 40. Rxb6
Rxd3 41. Rc6 Rh3 42. Kg4 Rb3 43. Rxc5 Rxb2 $11) 40. Rd7 Re2 41. Rd6+ Re6 42.
Rxe6+ (42. Rxe6+ Kxe6 43. Kg5 Kf7 44. h5 gxh5 45. Kxh5 Kf6 46. Kg4 Ke5 $11)
1/2-1/2

[Event "Altensteig"]
[Site "Altensteig"]
[Date "1990.??.??"]
[Round "7"]
[White "Hickl, Joerg"]
[Black "Smejkal, Jan"]
[Result "0-1"]
[WhiteElo "2480"]
[BlackElo "2545"]
[Annotator "Horn,Pe"]
[PlyCount "72"]
[EventDate "1990.07.??"]
[EventType "tourn"]
[EventRounds "11"]
[EventCountry "GER"]
[EventCategory "9"]
[SourceTitle "CBM 020"]
[Source "ChessBase"]
[SourceDate "1991.02.01"]
[SourceVersion "1"]
[SourceVersionDate "1991.02.01"]
[SourceQuality "1"]

1. Nf3 Nf6 2. d3 d5 3. Nbd2 (3. Bg5 $5) 3... c5 4. e4 Nc6 5. c3 e5 {Führt die
Partie endgültig in die Bahnen einen Altindischen Verteidung mit vertauschten
Farben.} 6. a3 {N} (6. Be2 Be7 7. O-O O-O $10) 6... Be7 7. b4 a6 8. Be2 O-O 9.
O-O Re8 10. Re1 Bf8 11. Bb2 h6 12. Qb1 $6 (12. Bf1) 12... Rb8 13. Bf1 dxe4 $1
14. dxe4 (14. Nxe4 $5) 14... b5 $1 {verhindert Nc4-e3.} 15. Be2 Qb6 $1 16. Nb3
(16. Nf1 $2 cxb4 17. cxb4 Ng4) (16. h3) 16... c4 17. Nbd2 Bb7 18. Nh4 $2 {
führt zu nichts} Nd8 19. g3 Ne6 20. Nhf3 (20. Nf5 g6) 20... Rbd8 21. Bc1 g6 22.
h3 (22. Nxe5 Ng5 $19) 22... Bg7 23. a4 g5 24. Nh2 h5 25. axb5 axb5 26. Bf1 g4
27. h4 Rd7 28. Qa2 Kh7 29. Bg2 $2 Rd3 $19 30. Nhf1 (30. Qc2 Rxg3) 30... Rxc3
31. Ne3 Rd3 32. Nf5 Nd4 33. Qa7 (33. Bf1 Rxd2 34. Qxd2 Nxf5 35. exf5 Qc6) 33...
Qc6 34. Nxd4 Rxd4 35. Qa3 Ra8 36. Qb2 c3 0-1

[Event "Dortmund SuperGM 35th"]
[Site "Dortmund"]
[Date "2007.06.26"]
[Round "3"]
[White "Leko, Peter"]
[Black "Naiditsch, Arkadij"]
[Result "1/2-1/2"]
[WhiteElo "2738"]
[BlackElo "2654"]
[Annotator "Horvath,J"]
[PlyCount "76"]
[EventDate "2007.06.23"]
[EventType "tourn"]
[EventRounds "7"]
[EventCountry "GER"]
[EventCategory "20"]
[SourceTitle "CBM 119"]
[Source "ChessBase"]
[SourceDate "2007.08.01"]
[SourceVersion "1"]
[SourceVersionDate "2007.08.01"]
[SourceQuality "1"]

1. e4 c5 2. Nf3 Nf6 3. e5 Nd5 4. d4 cxd4 5. Qxd4 e6 6. Bc4 (6. c4 Nc6 7. Qe4
Nde7 {[%cal Ge7g6,Gg6e5]} 8. b3 (8. Bd2 Ng6 9. Nc3 a6 10. Na4 d5 $11) 8... Ng6
9. Bb2 Qa5+ $1 {This very important check, disturbs White's development.} (9...
Bb4+ 10. Nbd2 Qa5 11. a3 Bxd2+ 12. Nxd2 Ncxe5 13. f4 $16) (9... Be7 10. Be2 O-O
11. O-O d6 12. Rd1 Qc7 13. exd6 Bxd6 14. Na3 a6 15. Nc2 b6 16. Ncd4 Nce5 (16...
Bd7 $2 17. Nxc6 Bxc6 18. Qd4 $18) 17. Qxa8 $6 Bb7 18. Qa7 Ra8 19. Nxe6 $1 fxe6
20. Qxb7 Qxb7 21. Rxd6 Nf7 $2 (21... Qe4 $1 22. Rxe6 Qxe2 23. Bxe5 Rf8 24. Re1
Qxa2 $15) 22. Rxe6 {Chiburdanidze,M-Markovic,G/Malta (ol) 1980/}) 10. Nbd2 Ba3
$1 11. Bxa3 Qxa3 12. Be2 Qa5 {[%csl Re5]} (12... Ncxe5 13. Nxe5 Qb2 $17)) (6.
a3 Nc6 7. Qe4 f5 8. Qe2 Qc7 9. c4 Nde7 10. b3 Ng6 11. Bb2 d6 $13) (6. c3 {
leads to the 2.c3 Sicilian.}) 6... Nc6 7. Qe4 d6 {This natural reply is the
best possibility for Black.} (7... f5 8. Qe2 Nde7 9. O-O (9. Nc3 a6 10. h4 b5
11. Bb3 Qc7 12. Bd2 Bb7 13. O-O-O Na5 14. Kb1 Nxb3 15. cxb3 b4 16. Na4 Be4+ 17.
Ka1 Nc6 18. Bg5 h6 19. Bf4 g6 20. Qe3 Rb8 21. Nd2 Bxg2 22. Qg3 {1-0 Tal,
M-Zaitsev,I/Sochi 1977}) (9. h4 $5 {Khalifman}) 9... Ng6 (9... Qc7 10. Re1 Ng6
11. h4 Rg8 12. Bb5 a6 13. Bxc6 Qxc6 14. c4 b6 15. h5 Nh8 16. Nd4 Qc7 17. Nc3
Bb7 18. Bf4 Bc5 19. Rad1 $16 {Caruana,F-Shytaj,L/Porto Mannu PAL 2007/}) 10.
Bb5 Be7 11. Bxc6 bxc6 12. Nbd2 Nf4 13. Qc4 g5 (13... Nd5 14. Nb3 a5 15. Qd4 $13
) 14. Nb3 a5 15. Nc5 Qb6 (15... Nd5 $6 16. Ne1 $1 $14 {Khalifman,A-Karasev,V/
USSR 1983/}) 16. Bxf4 gxf4 17. Nd3 c5 $1) 8. O-O (8. Bxd5 exd5 9. Qxd5 dxe5 10.
Qxd8+ Kxd8 11. Nc3 f6 12. Be3 Bf5 13. O-O-O+ Ke8) (8. exd6 Nf6 9. Qe2 (9. Qh4
Bxd6 10. Nc3 Ne5 11. Nxe5 Bxe5 12. O-O O-O 13. Bd3 Qd4 $11 {Schlechter,
C-Nimzowitsch,A/San Sebastian 1912/}) 9... Bxd6 10. O-O (10. Bg5 h6 (10... Qa5+
11. Nc3 O-O 12. Bxf6 gxf6 13. O-O-O $36) 11. Bh4 Qa5+ 12. c3 $1 (12. Nbd2 $6 g5
13. Bg3 Bxg3 14. hxg3 g4 $1 {Matulovic,M-Sahovic,D Jugoslavia ch 1976})) 10...
O-O (10... Qc7 $6 11. Nc3 a6 12. Re1 O-O 13. Ne4 Nxe4 14. Qxe4 $14 Ne5 15. Ng5
$1 (15. Nxe5 Bxe5 16. Qxe5 Qxc4 $11) 15... Ng6 16. h4 b5 17. Bd3 h6 18. h5 $18
{Savon,V-Kirov,N Sukhumi 1972}) 11. Bg5 h6 (11... a6 12. Nc3 h6 13. Bxf6 Qxf6
14. Ne4 Qe7 15. Nxd6 Qxd6 16. Rad1 $14 {Balashov,Y-Prybil,J Moscow 1977}) 12.
Bh4 Be7 13. Rd1 Qa5 14. Nc3 a6 15. a3 Qh5 16. Bg3 b5 17. Bd3 Bb7 $11 {Leventic,
I-Majeric,Z/Borovo CRO 2005/}) 8... Nb6 (8... dxe5 9. Nxe5 Nxe5 (9... Qc7 10.
Nf3 Nf6 11. Qe2 Be7 12. Nc3 a6 13. Rd1 O-O 14. Ne4 Ng4 15. Bg5 b5 $11) 10. Qxe5
Qc7 {Black follows a simple strategy - he wants to exchange pieces.} 11. Bb5+
Bd7 12. Bxd7+ Qxd7 13. c4 Nf6 14. Nc3 Bd6 15. Qe2 O-O 16. b3 Qc7 17. h3 Qa5 18.
Nb5 Be7 19. Qf3 a6 20. Nd4 Qe5 21. Bb2 Qe4 22. Qxe4 Nxe4 23. Rfe1 Nf6 24. Rad1
Rfd8 25. Bc3 Kf8 26. Kf1 Rac8 $11 {Sax,G-Baumbach,F/Germany 1992/GER-chT2}) 9.
Bb5 Bd7 (9... d5 10. Qf4 $14) 10. exd6 (10. Nc3 a6 11. Be2 Qc7 $11) 10... Bxd6
11. Nc3 a6 12. Be2 f5 $5 {Black plays in very original fashion: he wants to
castle queenside.} (12... O-O) 13. Qd3 Qc7 14. Be3 Ne5 15. Nxe5 Bxe5 $11 16. f4
Bf6 17. Bd4 Bxd4+ (17... O-O-O 18. Bxf6 gxf6 19. Rad1 Qc5+ 20. Qd4 Qxd4+ 21.
Rxd4 Bc6 $11) 18. Qxd4 O-O-O (18... O-O $11) 19. Rad1 Bc6 20. Qe3 Rxd1 21. Rxd1
Re8 22. Bf1 e5 $15 23. fxe5 Rxe5 24. Qd4 g6 25. Qd6 Qxd6 26. Rxd6 Kc7 27. Rd4
Nd7 (27... Nd5 28. Nxd5+ Rxd5 29. Rxd5 Bxd5 $15) 28. Kf2 Nf6 29. Be2 b5 30. Bf3
g5 31. a4 h6 32. axb5 axb5 33. h3 f4 34. h4 $1 $11 Rf5 35. hxg5 hxg5 36. Rb4
Re5 37. Bxc6 Kxc6 38. g3 fxg3+ 1/2-1/2

[Event "ISR-chT"]
[Site "Israel"]
[Date "2004.01.10"]
[Round "2"]
[White "Kundin, Alexander"]
[Black "Afek, Yochanan"]
[Result "1-0"]
[WhiteElo "2424"]
[BlackElo "2376"]
[Annotator "Kundin,A"]
[PlyCount "113"]
[EventDate "2004.01.03"]
[EventType "team"]
[EventRounds "11"]
[EventCountry "ISR"]
[SourceTitle "CBM 099"]
[Source "ChessBase"]
[SourceDate "2004.03.30"]
[SourceVersion "1"]
[SourceVersionDate "2004.03.30"]
[SourceQuality "1"]

1. e4 c5 2. Nf3 Nf6 3. e5 Nd5 4. Nc3 e6 5. Nxd5 exd5 6. d4 Nc6 7. dxc5 Bxc5 8.
Qxd5 d6 9. Bc4 $6 (9. exd6 {Is the usual and the better continuation.}) 9...
Be6 (9... O-O 10. O-O Be6 11. Qd3 dxe5 (11... Nb4 12. Qe2 Bxc4 13. Qxc4 Rc8 14.
Qb3 $16) (11... Nxe5 12. Nxe5 dxe5 13. Bxe6 (13. Qxd8 Raxd8 14. Bxe6 fxe6 15.
Bg5 Rd5 $11 {The doubled pawns are compensated by black's active pieces.})
13... Qxd3 14. Bxf7+ Rxf7 15. cxd3 Rd8 $11) 12. Qxd8 (12. Bxe6 Qxd3 13. Bxf7+ (
13. cxd3 fxe6 $11) 13... Rxf7 14. cxd3 Rd8 $11) 12... Raxd8 13. Bxe6 fxe6 14.
Bg5 Rd5 15. Rae1 Nd4 (15... e4 $2 16. c4 $1) 16. Nxd4 exd4 17. Bh4 Kf7 $11) 10.
Qd3 Bxc4 $2 (10... Nb4 $1 11. Qe2 (11. Bb5+ Kf8 12. Qe2 Nxc2+ 13. Qxc2 Qa5+ $15
) 11... Bxc4 12. Qxc4 Rc8 13. Qb5+ Qd7 14. Qxd7+ Kxd7 $11) (10... dxe5 11. Bxe6
fxe6 (11... Qxd3 12. Bxf7+ Kxf7 13. cxd3 Rhd8 $14)) (10... Nxe5 11. Nxe5 dxe5
12. Bxe6 Qxd3 (12... fxe6 $2 13. Qb5+) (12... Bb4+ 13. Ke2 Qxd3+ 14. Kxd3 fxe6
$14) 13. Bxf7+ Kxf7 14. cxd3 Rac8 $44) 11. Qxc4 Qe7 {Seems OK but white has a
strong answer...} (11... Qb6 12. exd6 Bxf2+ 13. Kf1 O-O 14. Bf4 $16) {[%tqu
"En","What can white do?","","","c1e3","",10,"c1g5","",0,"e1g1","",0]} 12. Be3
$1 (12. Bg5 f6 13. Be3 Nxe5 14. Nxe5 Qxe5 $13) (12. O-O dxe5 13. Re1 O-O-O $11)
12... Bxe3 (12... Nxe5 13. Nxe5 Qxe5 14. Qb5+ Kf8 15. O-O Bxe3 16. Qxb7 Re8 17.
fxe3 Qxe3+ 18. Kh1 $16) 13. exd6 Qxd6 (13... Bxf2+ 14. Kxf2 Qxd6 15. Rad1 Qc7
16. Rhe1+ $16) (13... Bd2+ 14. Kxd2 Qxd6+ 15. Qd3 O-O-O (15... Qf4+ 16. Qe3+)
16. Qxd6 Rxd6+ 17. Kc3 Rg6 18. Rhg1 $16) 14. fxe3 O-O 15. O-O $16 {White got
an extra (though weak) pawn from the opening. The rest of the game was not so
interesting - probably black could've defended better but the really
interesting part of the game was definitely the opening.} Rae8 16. Rfe1 Re7 17.
Rad1 Ne5 18. Nxe5 Qxe5 19. Qd4 Qa5 20. Qd5 Qb6 $6 (20... Qa4 $16) 21. Qd6 $1 {
Exchanging queens and going into probably a won endgame.} Qxd6 (21... Rxe3 22.
Qxb6 Rxe1+ 23. Rxe1 axb6 24. Re7 Rb8 25. Kf2 $18) 22. Rxd6 g6 23. Kf2 Rc8 24.
c3 Rc5 25. Red1 Rh5 26. Rd8+ Kg7 27. R1d7 Kf6 28. Rxe7 Kxe7 29. Rb8 Rb5 30. b4
$18 Kd6 31. e4 Rb6 (31... Kc7 32. Rf8) 32. Ke3 Ra6 (32... Kc7 33. Rf8 Rf6 34.
g4 $18) 33. Rxb7 Ke6 34. Kd4 Rxa2 35. g3 h5 36. h4 f5 37. exf5+ Kxf5 38. Rb5+
Kf6 39. Ra5 Rd2+ 40. Ke4 Re2+ 41. Kf4 Rf2+ 42. Ke3 Rg2 43. Ra6+ Kf5 44. Ra5+
Kf6 45. Kf4 Rf2+ 46. Ke4 Re2+ 47. Kd4 Rd2+ 48. Kc5 Rd7 49. Kc6 Rd3 50. c4 Rxg3
51. b5 Rg4 52. c5 Rxh4 53. Rxa7 Rb4 54. b6 h4 55. b7 h3 56. Ra3 h2 57. Rh3 1-0